Techničeskoje normirovanije ekspluatacionnoj raboty železnych dorog /

Uložené v:
Podrobná bibliografia
Hlavní autori: Aľterman, S. L. (Author), Smetanin, A. I. (Author)
Médium: Kniha
Jazyk:Russian
Vydané: Moskva : Transželdorizdat, 1958.
ISBN: (viaz.)
Fyzický popis: 348 s.
Tagy: Pridať tag
Žiadne tagy, Buďte prvý kto otaguje tento záznam!

MARC

LEADER 00000nam a22000004a 4500
001 000595021
005 20180922190726.0
008 180922s1958 ru e rus d
020 |a (viaz.)  |c Kčs 12,65 
040 |a SVKKK  |b slo  |c SVKKK  |e AACR2 
041 0 |a rus 
044 |a ru  |c RU 
100 1 |a Aľterman, S. L.  |4 aut 
245 1 0 |a Techničeskoje normirovanije ekspluatacionnoj raboty železnych dorog /  |c S. L. Aľterman, A. I. Smetanin. 
260 |a Moskva :  |b Transželdorizdat,  |c 1958. 
300 |a 348 s. 
504 |a Bibliogr. odkazy 
700 1 |a Smetanin, A. I.  |4 aut 
910 |a svkkk 
998 |a BK 
090 |g SCKHL  |k Sklad Pribinova 2. posch.  |a III.77948  |j 169832  |i 2720567902  |s Vyradená